| 000 | 00542nam a2200217Ia 4500 | ||
|---|---|---|---|
| 003 | OSt | ||
| 005 | 20230412103503.0 | ||
| 008 | 210423s2012 xx 000 0 und d | ||
| 020 | _a- | ||
| 040 | _cAL | ||
| 041 | _aeng | ||
| 082 |
_a546 _223 _bPURB |
||
| 100 |
_aPURI ( B R);others. _978610 |
||
| 245 | _aPrinciples of inorganic chemistry. | ||
| 250 | _a13 | ||
| 260 |
_aNew Delhi _bMilestone Publishers _c2012 |
||
| 300 |
_axvi,1115,v _bPB |
||
| 365 |
_b410 _cINR |
||
| 906 | _achemistry. ; inorganic ; Principles | ||
| 942 |
_2ddc _cBK |
||
| 999 |
_c154257 _d154257 |
||